Loading...
| Social Science | 0 | 7 | 1 | 2 | 65 | 91 | 118.86 | 0 | 2 | 3.90 | 20.23 |
| History - European | 0 | 6 | 0 | 1 | 60 | 35 | 103.33 | 0 | 2 | 8.34 | 24.26 |
| Fine Arts - Classical Music | 0 | 4 | 0 | 1 | 40 | 105 | 128.50 | 0 | 0 | 2.56 | 11.95 |
| Current Events | 0 | 4 | 1 | 1 | 35 | 104 | 119.25 | 0 | 0 | 4.57 | 18.98 |
| Mythology | 0 | 4 | 1 | 0 | 35 | 49 | 105.00 | 0 | 1 | 10.99 | 26.09 |
| Philosophy | 0 | 3 | 0 | 0 | 30 | 67 | 86.67 | 1 | 1 | 6.45 | 13.97 |
| Science - Other | 0 | 3 | 0 | 1 | 30 | 108 | 118.67 | 0 | 0 | 1.46 | 9.45 |
| Science - Physics | 0 | 3 | 0 | 2 | 30 | 108 | 123.00 | 0 | 0 | 1.46 | 6.20 |
| Religion | 0 | 4 | 2 | 2 | 30 | 116 | 119.00 | 0 | 1 | 2.82 | 13.58 |
| Science - Chemistry | 0 | 3 | 2 | 0 | 20 | 86 | 101.67 | 0 | 0 | 3.54 | 9.44 |
| Fine Arts - Painting & Sculpture | 0 | 3 | 2 | 2 | 20 | 97 | 118.00 | 0 | 0 | 2.24 | 8.81 |
| Other Academic | 0 | 2 | 1 | 1 | 15 | 75 | 105.00 | 0 | 0 | 4.88 | 10.57 |
| History - Other | 0 | 2 | 1 | 1 | 15 | 96 | 114.00 | 1 | 1 | 1.70 | 6.13 |
| Fine Arts - Other | 0 | 2 | 1 | 1 | 15 | 113 | 116.50 | 0 | 0 | 2.08 | 7.84 |
| Geography | 0 | 1 | 0 | 0 | 10 | 86 | 86.00 | 0 | 1 | 4.71 | 11.84 |
| History - World | 0 | 1 | 0 | 0 | 10 | 145 | 145.00 | 0 | 0 | 0.00 | 0.51 |
| Literature - World | 0 | 1 | 0 | 0 | 10 | 76 | 76.00 | 0 | 1 | 2.92 | 5.65 |
| History - American | 0 | 1 | 1 | 0 | 5 | 47 | 47.00 | 0 | 1 | 3.83 | 5.64 |
| Science - Biology | 0 | 1 | 2 | 0 | 0 | 16 | 16.00 | 1 | 1 | 5.12 | 5.88 |
| Literature - European | 0 | 1 | 2 | 1 | 0 | 145 | 145.00 | 0 | 0 | 0.23 | 0.88 |